000 01248nam a2200325 i 4500
003 EG-GICUC
005 20260409151748.0
008 260409s1938 |||||||fr|||| 100 0 Fre d
040 _aEG-GiCUC
_cEG-GiCUC
_dEG-GiCUC
_eRda
_bfre
041 0 _afre
082 0 4 _221
_a343.78
_bC O . S
092 0 4 _221
099 _aLaw1 10 343.78 C O . S 1938
111 1 _aConférence Internationale Pour L'unification Du Droit Pénal
_nVII :
_cle caire.
245 1 0 _aSituation Des Condamnés Etrangers Ou Apatrides Après Leur Libération /
_cConférence Internationale Pour L'unification Du Droit Pénal.
264 3 _ale caire :
_bf. e. noury & fils,
_c1938.
300 _a29 pages ;
_c 24 cm.
336 _2rda contenu
_a texte
337 _2rda medias
_aOrdinateur
338 _2 transporteur rda
_a Ressource en ligne
500 _aExtrait De La Revue Al Qanoun Wal Iqtisad Villme Année No. 2 Février 1918
500 _aLa numérotation commence à la page 95.
504 _aComprend des références bibliographiques.
546 _aالنص باللغة الفرنسية
650 1 _2Droit pénal
651 1 _2qrmak
856 4 0 _uhttps://fll.law.cu.edu.eg/fulltext/bks/B10-08243.pdf
905 _a62
942 _2ddc
_n0
_cBK
_e21
999 _c69865
_d69865